00676nam a2200193Ia 4500001000700000003000500007008004100012010001100053040000900064082001600073100002800089245012800117260006200245300001000307650010500317650001400422650002300436650002300459Z_1029CHAP220113s198X xx 000 0 und d a164109 cCHAP a636.085 O44 aOjeda García, Félix aConservación de pastos y forrajes /cpor Félix Ojeda García, Orestes Cáceres García y Marcos Esperance Matamoros a[La Habana] :bMinisterio de Educación Superior,c198X a133 p aAlimentos y alimentación del ganado I. Cáceres García, Orestes II. Esperance Matamoros, Marcos aEnsilaje  aHeno como forraje  aPastos forrajeros